| 000 | 00889nam a22002297a 4500 | ||
|---|---|---|---|
| 003 | NALT | ||
| 005 | 20211115091514.0 | ||
| 008 | s2547 th thaeng | ||
| 020 | _a9749588274 | ||
| 040 | _aNALT | ||
| 041 | _athaeng | ||
| 090 |
_aอ AG830 _bร421ศ 2547 |
||
| 110 | 0 | _aราชบัณฑิตยสถาน | |
| 245 | 1 | 0 | _aศัพท์ป่าไม้ อังกฤษ-ไทย ไทย-อังกฤษ ฉบับราชบัณฑิตยสถาน |
| 260 | 3 |
_aกรุงเทพฯ : _bราชบัณฑิตยสถาน, _c2547 |
|
| 300 |
_a623 หน้า ; _b21 ซม. |
||
| 610 | _aราชบัณฑิตยสถาน | ||
| 650 | 0 | 4 | _aป่าไม้ -- ศัพท์บัญญัติ |
| 650 | 0 | 4 | _aป่าไม้ -- ศัพท์บัญญัติ |
| 850 | _aNALT | ||
| 942 |
_cREF _2lcc |
||
| 999 |
_c43699 _d43699 |
||
| 998 |
_j109 _k อารีรัตน์ วิชาช่าง |
||